| 000 | 00928nam a22002657a 4500 | ||
|---|---|---|---|
| 003 | LC | ||
| 005 | 20170213095415.0 | ||
| 008 | 170127b xxu||||| |||| 00| 0 eng d | ||
| 020 | _a078764868x | ||
| 050 | _aKF 4557 P46 2001 vol. 3 | ||
| 100 | _aPendergast, Tom | ||
| 245 |
_aConstitutional amendments : _bFrom freedom of speech to flag burning / _cTom Pendergast |
||
| 260 |
_aDetroit : _bUXL , _cc2001 |
||
| 300 |
_axlviii ; 528 p ; lxxviii : _bill ; _c24 cm. |
||
| 440 | _vVolume 3 : Amendments 18-27 and the unratified amendments | ||
| 500 | _aIncludes bibliographical reference and index | ||
| 504 | _aIncludes index | ||
| 650 |
_2LC _aConstitutional amendments _vJuvenile literature _zUnited States |
||
| 650 |
_2lc _aConstitutional law _zUnited States |
||
| 650 |
_2LC _aCivil rights |
||
| 700 | _aPendergast, Sara | ||
| 700 | _aSousanis, John | ||
| 700 | _aGrunow, Elizabeth Shaw (editor) | ||
| 942 |
_2lcc _cBK |
||
| 999 |
_c305397 _d305397 |
||